Presidentes de México (1821 - 2024) COMPLETO Y FÁCIL - Estadísticas

Estadísticas generales
  • Esta prueba ha sido intentada 312 veces
    127 desde el último reinicio
  • La puntuación promedio es 49 de 107
Estadísticas de respuestas
Periodo Presidente % Correcto
2018 - 2024 Andrés Manuel López Obrador
96%
2000 - 2006 Vicente Fox Quesada
95%
2024 - 2030 Claudia Sheinbaum Pardo
94%
2012 - 2018 Enrique Peña Nieto
93%
1876 | 1877 - 1880 | 1884 - 1911 Porfirio Díaz Mori
89%
2006 - 2012 Felipe Calderón Hinojosa
86%
1988 - 1994 Carlos Salinas de Gortari
85%
1847 | 1848 Manuel de la Peña y Peña
83%
1964 - 1970 Gustavo Díaz Ordaz
81%
1994 - 2000 Ernesto Zedillo Ponce de León
80%
1976 - 1982 José López Portillo y Pacheco
79%
1858 - 1872 | 1867 - 1872 Benito Juárez García
77%
1824 - 1829 Guadalupe Victoria (José Miguel Fernández y Félix)
77%
1934 - 1940 Lázaro Cárdenas Del Río
77%
1982 - 1988 Miguel de la Madrid Hurtado
77%
1823 - 1824 Guadalupe Victoria (José Miguel Fernández y Félix)
75%
1911 - 1913 Francisco Ignacio Madero González
72%
1970 - 1976 Luis Echeverría Álvarez
69%
1841 Francisco Javier Echeverría
62%
1946 - 1952 Miguel Alemán Valdés
62%
1822 - 1823 Agustín I (Agustín de Iturbide)
60%
1833 | 1834 - 1835 | 1839 | +5 others Antonio López de Santa Anna
60%
1917 - 1920 Venustiano Carranza
60%
1920 Adolfo de la Huerta
58%
1952 - 1958 Adolfo Ruiz Cortines
58%
1920 - 1924 Álvaro Obregón Salido
58%
1940 - 1946 Manuel Ávila Camacho
58%
1823 - 1824 | 1829 Vicente Guerrero Saldaña
57%
1864 - 1867 Maximiliano I (Maximiliano de Habsburgo)
56%
1924 - 1928 Plutarco Elías Calles
54%
1913 - 1914 Victoriano Huerta Márquez
54%
1863 - 1864 Juan Nepomuceno Almonte
51%
1958 - 1964 Adolfo López Mateos
49%
1880 - 1884 Manuel del Refugio González Flores
49%
1860 José Ignacio Pavón
48%
1859 - 1860 | 1860 Miguel Miramón y Tarelo
48%
1911 Francisco León de la Barra
44%
1835 - 1836 Miguel Barragán Moctezuma Andrada
44%
1823 - 1824 Miguel Domínguez
44%
1913. 45 Minutos (de 17:15 a 18:00) Pedro Lascuráin Paredes
41%
1855 Juan Nepomuceno Álvarez Hurtado
40%
1915 Francisco Lágos Cházaro
38%
1853 Manuel María Lombardini
38%
1836 - 1837 José Justo Corro
37%
1832 - 1833 Manuel Gómez Pedraza
37%
1858 - 1859 Manuel Robles Pezuela
37%
1876 - 1877 Juan Nepomuceno Mendez
36%
1914 Francisco S. Carvajal
35%
1829 José María Bocanegra
35%
1876 José María Iglesias
35%
1928 - 1930 Emilio Portes Gil
33%
1932 - 1934 Abelardo L. Rodríguez
32%
1844 Jose Joaquín de Herrera
32%
1844 - 1845 José Joaquín de Herrera
32%
1853 Juan Bautista Ceballos
32%
1930 - 1932 Pascual Ortiz Rubio
32%
1872 - 1876 Sebastián Lerdo de Tejada
31%
1829 Pedro Vélez de Zúñiga (Luis Quintanar + Lucas Alamán)
30%
1855 - 1858 Ignacio Comonfort de los Ríos
27%
1823 - 1824 Pedro Celestino Negrete
27%
1847 | 1847 - 1848 Pedro María Anaya
27%
1863 - 1864 Pelagio Antonio de Labastida y Dávalos
27%
1833 | 1834 | 1846 - 1847 Valentín Gómez Farías
23%
1914 - 1915 Eulalio Gutiérrez Ortiz
22%
1830 - 1832 Anastasio Bustamante y Oseguera
21%
1837 - 1839 | 1839 - 1841 Anastasio Bustamante y Oseguera
20%
1845 - 1846 Mariano Paredes y Arrillaga
19%
1858 | 1859 Félix María Zuloaga
16%
1851 - 1853 Mariano Arista Nuez
16%
1855 Martín Carrera Sabat
16%
1823 - 1824 | 1839 | 1842 - 1843 | 1846 Nicolás Bravo Rueda
16%
1823 - 1824 José Mariano Michelena
14%
1848 - 1851 José Joaquín de Herrera
12%
1846 | 1859 | 1863 - 1864 Mariano Salas
12%
1843 - 1844 Valentín Canalizo
12%
1844 Valentin Canalizo
12%
1832 Melchor Múzquiz de Arrieta
11%
1855 Rómulo Díaz de la Vega
10%
1915 Roque González Garza
10%
No se encontraron pruebas coincidentes
Distribución de puntuación
Porcentaje de gente con cada puntuación
Porcentaje por número respondido
Historial de tus puntuaciones
No has intentado esta prueba desde el último reinicio